| 000 | 00597nam a2200181Ia 4500 | ||
|---|---|---|---|
| 008 | 151119s9999||||xx |||||||||||||| ||und|| | ||
| 082 | _bGKKV33236 | ||
| 100 | _aजोशी ज वा | ||
| 245 | _aअर्वाचीन संतगाथा | ||
| 260 | _aपुणे | ||
| 260 | _bधार्मिक प्रकाशन संस्था | ||
| 260 | _c1990 | ||
| 600 | _aजोशी ज वा | ||
| 630 | _aअर्वाचीन संतगाथा | ||
| 700 | _aजोशी ज वा | ||
| 730 | _aअर्वाचीन संतगाथा | ||
| 942 | _cBOOK | ||
| 999 |
_c1085536 _d1085533 |
||